000 01682nam a22002777a 4500
003 PE SENCICO BE
005 20260422173019.0
008 260422b |||||||| |||| 00| 0 eng d
017 _2M.550-1988
020 _a84-283-1263-X
040 _aPE SENCICO BE
_cPE SENCICO BE
041 _aspa
082 _a621.32
_bP5
110 1 _aPhillips
_9657
_eautor
245 1 _aManual del alumbrado /
_cPhilips
250 _a[1a ed.]
260 _aMadrid :
_bParaninfo ;
_c1975
300 _a327 páginas :
_bcuadros, gráficos ;
_c20.5 cm.
505 0 _aMateriales de alumbrado – Lámparas – Luminarias – Elementos auxiliares – Alumbrado interior – Diseño de alumbrado – Integración del alumbrado, aire acondicionado y acústica – Cálculos de alumbrado – Alumbrado exterior – Alumbrado público – Alumbrado de túneles – Áreas residenciales y peatonales – Alumbrado de edificios y áreas con proyectos – Alumbrado para deportes en interiores – Alumbrado para deportes al aire libre -- Radiación.
520 3 _aProporciona un compendio de información útil en la práctica de la ingeniería de iluminación. El trabajo está basado en los resultados de muchas investigaciones en iluminación y radiaciones, llevadas a cabo por los laboratorios de alumbrado Philips y la gran experiencia acumulada para el diseño de instalaciones. El objeto de este manual es abarcar aspectos de la ingeniería de iluminación en el alumbrado interior, exterior y aplicaciones especiales.
650 1 0 _aIluminación
_9328
650 2 0 _aInstalaciones eléctricas
_9349
650 2 0 _aConductores eléctricos
_9483
910 _ahfp
942 _2ddc
_cLIB
999 _c9891
_d9891